DIARI KETUA PENGAWAS / (Record no. 203993)

MARC details
000 -LEADER
fixed length control field 00960nam a2200289 i 4500
005 - DATE AND TIME OF LATEST TRANSACTION
control field 20260425121229.0
008 - FIXED-LENGTH DATA ELEMENTS--GENERAL INFORMATION
fixed length control field 260425t20252025my dr 000 f may d
020 ## - INTERNATIONAL STANDARD BOOK NUMBER
International Standard Book Number 9786297687780
Terms of availability RM12.00
Qualifying information paperback
040 ## - CATALOGING SOURCE
Original cataloging agency PPAK
Language of cataloging eng
Transcribing agency PPAK
Description conventions rda
082 04 - DEWEY DECIMAL CLASSIFICATION NUMBER
Classification number 899.2333
Edition number 23
090 00 - LOCALLY ASSIGNED LC-TYPE CALL NUMBER (OCLC); LOCAL CALL NUMBER (RLIN)
Classification number (OCLC) (R) ; Classification number, CALL (RLIN) (NR) 899.2333
Feature heading NAN
Feature heading G
100 0# - MAIN ENTRY--PERSONAL NAME
Personal name Nana Syazana,
Relator term author.
245 10 - TITLE STATEMENT
Title DIARI KETUA PENGAWAS /
Statement of responsibility, etc. NANA SYAZANA, MASTER AIMAN ; Editor Nurismaliza Ismail
264 #1 - PRODUCTION, PUBLICATION, DISTRIBUTION, MANUFACTURE, AND COPYRIGHT NOTICE
Place of production, publication, distribution, manufacture Bandar Baru Nilai, Negeri Sembilan :
Name of producer, publisher, distributor, manufacturer BLINK BOOK SDN BHD,
Date of production, publication, distribution, manufacture, or copyright notice 2025
Date of production, publication, distribution, manufacture, or copyright notice ©2025
300 ## - PHYSICAL DESCRIPTION
Extent 122 pages ;
Dimensions 19 cm
336 ## - CONTENT TYPE
Content type term text
Source rdacontent
337 ## - MEDIA TYPE
Media type term unmediated
Source rdamedia
338 ## - CARRIER TYPE
Carrier type term volume
Source rdacarrier
500 ## - GENERAL NOTE
General note Contains quotes from the Hadith.
650 10 - SUBJECT ADDED ENTRY--TOPICAL TERM
Topical term or geographic name entry element Young adult fiction, Malay.
Topical term or geographic name entry element Malay fiction.
Topical term or geographic name entry element Malaysian fiction (Malay).
700 0# - ADDED ENTRY--PERSONAL NAME
Personal name Master Aiman,
Relator term author.
Personal name Nurismaliza Ismail,
Relator term editor.
942 ## - ADDED ENTRY ELEMENTS (KOHA)
Source of classification or shelving scheme Dewey Decimal Classification
Koha item type Book
Holdings
Withdrawn Not for loan Current library Shelving location Date acquired Total Checkouts Full call number Barcode Date last seen Koha item type
    Perpustakaan Alor Setar Pinjaman Dewasa 27/04/2026   899.2333 NAN A01913890 27/04/2026 Book
    Perpustakaan Awam Sungai Petani Pinjaman Dewasa 27/04/2026   899.2333 NAN A01913891 27/04/2026 Book
    Perpustakaan Baling Pinjaman Dewasa 27/04/2026   899.2333 NAN A01913895 27/04/2026 Book
    Perpustakaan Bandar Baharu Pinjaman Dewasa 27/04/2026   899.2333 NAN A01913896 27/04/2026 Book
    Perpustakaan Jitra Pinjaman Dewasa 27/04/2026   899.2333 NAN A01913892 27/04/2026 Book
    Perpustakaan Kuala Nerang Pinjaman Dewasa 27/04/2026   899.2333 NAN A01913900 27/04/2026 Book
    Perpustakaan Kulim Pinjaman Dewasa 27/04/2026   899.2333 NAN A01913894 27/04/2026 Book
    Perpustakaan Langkawi Pinjaman Dewasa 27/04/2026   899.2333 NAN A01913893 27/04/2026 Book
    Perpustakaan Merbok Pinjaman Dewasa 27/04/2026   899.2333 NAN A01913897 27/04/2026 Book
    Perpustakaan Pendang Pinjaman Dewasa 27/04/2026   899.2333 NAN A01913901 27/04/2026 Book
    Perpustakaan Sik Pinjaman Dewasa 27/04/2026   899.2333 NAN A01913899 27/04/2026 Book
    Perpustakaan Yan Pinjaman Dewasa 27/04/2026   899.2333 NAN A01913898 27/04/2026 Book